Vývoj a smery rozvoja sušiarenstva a tvarovania krmív

Bibliographic Details
Main Author: Sopko, Ján (Author)
Format: Article
Language:Slovak
PhysicalDescription:Obr. 3. Tb. 4. Res. rus., angl.
Subjects:

MARC

LEADER 00000nab a2200000 a 4500
001 vtls000116383
003 SK-MaSNL
005 20260303184741.0
008 111031c1981 xo 0 slo
015 |a SNBRA19rr/mm-uuuuu 
035 |a CL0126488 
040 |a SNKBUCL  |b slo  |c SNKBUCL  |e AACR2 
041 0 |a slo 
044 |a xo  |c SK 
080 |a 636.08  |2 1981 
080 |a 636.3  |2 1981 
100 1 |a Sopko, Ján  |4 aut  |9 272994 
245 1 0 |a Vývoj a smery rozvoja sušiarenstva a tvarovania krmív  |c Ján Sopko 
300 |b Obr. 3. Tb. 4. Res. rus., angl. 
650 0 7 |a objemové krmivá  |2 snkbucl  |9 2822 
650 0 7 |a sušiarenstvo  |2 snkbucl  |9 636371 
655 7 |a články zo zborníkov  |2 snkbucl  |9 166140 
773 0 |t Výsledky výskumu do poľnohospodárskej praxe  |d Bratislava : Príroda, 1981  |g S. 187-198 
850 |a Slovenská národná knižnica v Martine  |a MTA001 
852 |a SNK  |b KIS3GCP 
958 |a RK 
992 |a RZB 
999 |c 2127934  |d 2129864